Hrady, zámky a tvrze království Českého díl 13 [Plzeňsko a Loketsko]

Bibliographic Details
Main Author: Sedláček, August, 1843-1926 (Author)
Other Authors: Liebscher, Karel (Illustrator), Král, V. (Illustrator)
Format: Book
Language:Czech
PhysicalDescription:258 s., [30] s. obr. príl. 36 cm
Published: Praha Argo 1998
ISBN:8072031856
8085794845
Subjects:

MARC

LEADER 00000nam a2200000 a 4500
001 vtls001331049
003 SK-MaSNL
005 20260302033407.0
008 240314s1998 xr ahi 0yy cze
020 |a 8072031856  |c b.c. 
020 |a 8085794845 
035 |a SNK000283925 
035 |a urn:nbn:sk:snk-amlkyy 
035 |a urn:nbn:sk:snk-am00brwb 
035 |a B28FF82A-3694-40B9-BF9C-58B8E204C645 
035 |a urn:nbn:sk:snk-am00bqjc 
035 |a D04BDF1F-956F-45D0-85BB-C965CEAE4927 
040 |a SNK  |b slo  |c SNK  |e AACR2 
041 0 |a cze 
044 |a CZ 
080 |a 728.81(437.1/.2)"12/18"  |2 1981 
080 |a 728.82(437.1/.2)"12/18"  |2 1981 
100 1 |a Sedláček, August,  |d 1843-1926  |4 aut  |9 182941 
245 1 0 |a Hrady, zámky a tvrze království Českého  |n díl 13  |p [Plzeňsko a Loketsko]  |c popisuje August Sedláček ; illustrují Karel Liebscher a V. Král z Dobrévody 
260 |a Praha  |b Argo  |c 1998  |e Martin  |f Neografia 
300 |a 258 s., [30] s. obr. príl.  |c 36 cm 
500 |a Celkove 3 vyd. 
500 |a Faksimile pôvodného vydania z roku 1905 
650 0 7 |a hrady  |2 SNKPH  |9 3039 
650 0 7 |a zámky  |2 SNKPH  |9 3041 
650 0 7 |a tvŕdze  |2 SNKPH  |9 3040 
651 7 |a Česko  |2 SNKPHgeo  |9 16753 
700 1 |a Liebscher, Karel  |4 ill  |9 457756 
700 1 |a Král, V.  |4 ill  |9 457757 
919 |a 80-7203-185-6 
919 |a 80-85794-84-5 
999 |c 1061521  |d 1063451 
952 |t P60, <03>, [BOOK], {603}  |a SNK  |b SNK  |y PREZ  |7 0  |p 17A0138738  |o snkSB 54141/13  |i snkKSP 5254/98  |0 0  |1 0  |4 0  |d 1998-05-15  |f 1  |l 0  |r 2025-03-26 00:00:00  |w 2026-02-24 
952 |t Príloha: 1 mapa  |a SNK  |b SNK  |y PREZ  |7 0  |p 17A1053424  |o snkSB 54141/13/príl.  |i snkKSP 5254/98  |3 Príloha: 1 mapa  |0 0  |1 0  |4 0  |d 2012-12-10  |f 1  |l 0  |r 2025-03-26 00:00:00  |w 2026-02-24